[Event "KAZ Cup Women 2019"]
[Site "Almaty"]
[Date "2019.12.18"]
[Round "8.2"]
[White "Tomilova, Elena"]
[Black "Nakhbayeva, Guliskhan"]
[Result "1-0"]
[WhiteElo "2341"]
[BlackElo "2296"]
[Annotator "TA"]
[PlyCount "67"]
[EventDate "2019.12.12"]
[EventType "tourn"]
[EventCountry "KAZ"]
[SourceTitle "playchess.com"]
[Source "ChessBase"]
[SourceQuality "1"]

{[%evp 9,67,39,37,21,19,24,21,0,14,2,32,27,39,25,20,-48,37,27,30,39,37,-241,-250,-570,-503,-576,-574,-548,-553,-582,-570,-521,-469,-472,-462,-514,-296,-287,-276,-280,-208,-217,-179,-300,-129,-142,0,0,0,0,0,0,0,0,29972,29969,29989,29982,29982,29983]} 1. e4 e6 2. d4 d5 3. Bd3 c5 4. exd5 Qxd5 (4... exd5 5. Nf3 Nf6 6. O-O c4 7. Re1+ Be7 8. Be2 O-O 9. b3 cxb3 10. axb3 Nc6 11. c3 Re8 12. Nbd2 Bd6 13. Bd3 Bg4 14. Rxe8+ Qxe8 {0-1 (52) Fontaine,R (2563)-Carlsen,M (2834) chess.com INT 2018}) 5. Nc3 Qd8 6. d5 {C01: French: Exchange Variation} exd5 7. Nxd5 Nc6 8. c4 $146 {The position is equal.} ({Predecessor:} 8. Bc4 Nf6 9. Bg5 Be7 10. Nxe7 Qxe7+ 11. Qe2 Be6 12. Bxe6 Qxe6 13. Bxf6 gxf6 {½-½ (39) Sevdimaliyev,U (2379)-Maden,M (1933) Manisa 2019}) 8... Be6 9. Nf3 Nf6 10. Nxf6+ Qxf6 11. Qb3 Ne5 12. Be2 (12. Nxe5 $11 Qxe5+ 13. Be3) 12... O-O-O ({Better is} 12... Bd6 $15) 13. O-O {Hoping for Bg5.} Rd7 14. Be3 Bd6 15. Qa4 $2 {[%mdl 8192] [#]} (15. Nxe5 $14 {stays ahead.} Qxe5 16. g3) 15... Bg4 $1 $19 {[%cal Re5f3]} 16. Rfe1 $2 (16. Qd1 Nxf3+ {[%mdl 64] Discovered Attack} 17. Bxf3 Bxh2+ 18. Kxh2 Qh4+ 19. Kg1 Rxd1 20. Bxd1) 16... Bxf3 17. Bxf3 Nxf3+ 18. gxf3 Qxf3 19. Qxa7 Qg4+ 20. Kf1 Re8 21. Qa8+ Bb8 {( -> ...Qh3+)} 22. Qa3 Qxc4+ 23. Re2 b6 ({Weaker is} 23... Bxh2 24. Qa8+ Bb8 25. Rc1 $11) 24. Rc1 {[#]} Qe4 $1 {[%cal Re4h1]} 25. Qa6+ Rb7 {[%cal Re4h1]} 26. Rec2 (26. Ree1 {was necessary.}) 26... Re6 (26... Qf3 $19 27. Rc3 f5) 27. b4 $17 Qxb4 ({Black should play} 27... Qf3 $17 28. Rc3 Ba7) 28. Rc4 $1 $11 {[%cal Rc4b4]} Qb2 {...Qe5 is the strong threat.} 29. R4c2 $36 {[%mdl 2048] White has some pressure.} Qb4 {Strongly threatening ...Qe4.} 30. Rc4 $1 {[%cal Rc4b4]} Qb2 {And now ...Qe5 would win.} 31. R4c2 Qf6 $2 {[%mdl 8192] [#]} (31... Qb4 $11 32. Rc4) 32. Bxc5 $1 {[%mdl 512] White mates.} Rc6 {[#]} (32... bxc5 33. Rxc5+) 33. Be7 $1 {[%mdl 576] Deflection} Qxe7 34. Rxc6+ {Accuracy: White = 49%, Black = 59%.} 1-0

[Event "KAZ Cup Women 2019"]
[Site "Almaty"]
[Date "2019.12.18"]
[Round "8.2"]
[White "Tomilova, Elena"]
[Black "Nakhbayeva, Guliskhan"]
[Result "*"]
[WhiteElo "2341"]
[BlackElo "2296"]
[Annotator "TA"]
[PlyCount "26"]
[EventDate "2019.12.12"]
[EventType "tourn"]
[EventCountry "KAZ"]
[SourceTitle "playchess.com"]
[Source "ChessBase"]
[SourceQuality "1"]

{[%evp 9,14,49,59,29,24,21,22]} 1. e4 e6 2. d4 d5 3. Bd3 c5 4. exd5 Qxd5 (4... exd5 5. Nf3 Nf6 6. O-O c4 7. Re1+ Be7 8. Be2 O-O 9. b3 cxb3 10. axb3 Nc6 11. c3 Re8 12. Nbd2 Bd6 13. Bd3 Bg4 14. Rxe8+ Qxe8 {0-1 (52) Fontaine,R (2563)-Carlsen,M (2834) chess.com INT 2018}) 5. Nc3 Qd8 6. d5 {C01: French: Exchange Variation} exd5 7. Nxd5 Nc6 {Predecessor:} 8. Bc4 $146 Nf6 9. Bg5 Be7 10. Nxe7 Qxe7+ 11. Qe2 Be6 12. Bxe6 Qxe6 13. Bxf6 gxf6 {½-½ (39) Sevdimaliyev,U (2379)-Maden,M (1933) Manisa 2019} *

[Event "KAZ Cup Women 2019"]
[Site "Almaty"]
[Date "2019.12.18"]
[Round "8.3"]
[White "Davletbayeva, Madina"]
[Black "Gevorgyan, Maria"]
[Result "1-0"]
[WhiteElo "2238"]
[BlackElo "2255"]
[Annotator "TA"]
[PlyCount "79"]
[EventDate "2019.12.12"]
[EventType "tourn"]
[EventCountry "KAZ"]
[SourceTitle "playchess.com"]
[Source "ChessBase"]
[SourceQuality "1"]

{[%evp 12,79,30,16,16,2,15,6,16,16,23,4,7,-4,41,42,69,62,76,80,63,72,104,65,172,171,224,210,256,256,307,295,322,275,275,274,264,260,596,596,560,417,463,434,404,384,537,536,745,662,709,689,649,643,500,379,610,597,587,579,29984,29984,29992,29988,29988,29986,29985,1637,4982,2050]} 1. e4 c5 2. Nf3 Nc6 3. Bb5 g6 4. Bxc6 dxc6 5. d3 Bg7 6. h3 Nf6 7. Nc3 Nd7 {B31: Sicilian: 2...Nc6 3 Bb5 g6} 8. Be3 e5 9. a4 (9. Qd2 h6 10. a3 b6 11. b4 Nf8 12. bxc5 Ne6 13. cxb6 axb6 14. Qc1 f5 15. a4 f4 16. Bd2 O-O 17. Qb2 {0-1 (51) Meier,G (2628)-Caruana,F (2819) Karlsruhe/Baden Baden 2019}) 9... a5 {The position is equal.} 10. Qc1 $146 ({Predecessor:} 10. Nb1 b6 11. Na3 Ba6 12. Nc4 Bxc4 13. dxc4 Nf8 14. Qxd8+ Kxd8 15. O-O-O+ {1-0 (40) Bosiocic,M (2591)-Michalik,P (2564) Austria 2018}) 10... h6 11. Nd2 b6 12. Nc4 Nf8 13. f4 exf4 14. Bxf4 Ne6 15. Nd6+ Kf8 16. O-O $36 {[%mdl 2048] Threatens to win with Nxf7! White has strong initiative.} Ra7 17. e5 Ba6 (17... Re7 $14) 18. Nce4 Re7 (18... Nd4 {might work better.} 19. Rf2 Bc8) 19. Kh1 Qc7 20. Bh2 Qa7 21. Qd2 Nd8 22. Nf6 Re6 23. Rae1 Bxf6 24. Rxf6 ({Resist} 24. exf6 $6 Qd7 $18) 24... Rxf6 $2 (24... Qe7 25. Rf2 Qa7) 25. exf6 $18 {[%csl Gd6][%cal Re1e8]} Ne6 26. Bf4 g5 27. Be5 Qd7 28. Qe2 Kg8 29. Qh5 Nf8 30. Bg3 {And now Re7! would win.} Ne6 31. b3 Rh7 32. Nf5 Bc8 33. Qe2 Rh8 $2 (33... Qd8 34. Ne7+ Kh8 35. Nxc6 Qd5) 34. Ne7+ Kf8 35. Qe5 Qb7 36. Qd6 Bd7 37. Ng6+ {[%mdl 64] Discovered Attack (Double check)} Kg8 38. Nxh8 Qc8 {[#]} 39. Qe7 (39. Nxf7 $142 $1 Kxf7 40. Qe7+ Kg6 {[#]} 41. Rxe6 $1 {[%mdl 576] Promotion} Bxe6 42. Qg7+ Kh5 43. f7 Bd5 44. Kh2) 39... Be8 {[#]} 40. Ng6 $1 {Accuracy: White = 84%, Black = 34%.} 1-0

[Event "KAZ Cup Women 2019"]
[Site "Almaty"]
[Date "2019.12.18"]
[Round "8.4"]
[White "Khomeriki, Nino"]
[Black "Ankudinova, Yelena"]
[Result "1-0"]
[WhiteElo "2355"]
[BlackElo "2093"]
[Annotator "ChessBase"]
[PlyCount "91"]
[EventDate "2019.12.12"]
[EventType "tourn"]
[EventCountry "KAZ"]
[SourceTitle "playchess.com"]
[Source "ChessBase"]
[SourceQuality "1"]
[TimeControl "40/5400+30:1800+30"]

1. d4 {[%emt 0:00:55]} d5 {[%emt 0:00:04]} 2. c4 {[%emt 0:00:16]} dxc4 {[%emt 0:00:23]} 3. Nf3 {[%emt 0:00:06]} Nf6 {[%emt 0:00:11]} 4. e3 {[%emt 0:00:13]} e6 {[%emt 0:00:34]} 5. Bxc4 {[%emt 0:00:10]} a6 {[%emt 0:00:06]} 6. O-O c5 {[%emt 0:01:32]} 7. b3 {[%emt 0:03:15]} Nc6 {[%emt 0:03:45]} 8. Bb2 {[%emt 0:00:26]} cxd4 {[%emt 0:07:32]} 9. Nxd4 {[%emt 0:00:54]} Nxd4 {[%emt 0:02:38]} 10. Bxd4 {[%emt 0:00:22]} Bd6 {[%emt 0:03:23]} 11. Be2 {[%emt 0:03:42]} O-O {[%emt 0:08:21]} 12. Nd2 {[%emt 0:22:12]} e5 13. Bb2 Qe7 {[%emt 0:03:56]} 14. Nc4 {[%emt 0:01:27]} Rd8 {[%emt 0:04:05]} 15. Nxd6 {[%emt 0:00:59]} Rxd6 {[%emt 0:00:13]} 16. Qe1 {[%emt 0:02:33]} Rc6 {[%emt 0:03:36]} 17. Rc1 {[%emt 0:06:20]} Bd7 {[%emt 0:10:43]} 18. Qa5 {[%emt 0:02:59]} Re8 {[%emt 0:00:47]} 19. f3 {[%emt 0:13:01]} Rxc1 {[%emt 0:08:31]} 20. Rxc1 {[%emt 0:00:26]} Bc6 {[%emt 0:00:25]} 21. Qc5 {[%emt 0:07:25]} Qxc5 {[%emt 0:04:01]} 22. Rxc5 {[%emt 0:00:06]} Nd7 {[%emt 0:00:08]} 23. Rc1 {[%emt 0:01:09]} g6 {[%emt 0:18:52]} 24. Kf2 {[%emt 0:00:45]} f6 {[%emt 0:00:16]} 25. Bxa6 {[%emt 0:00:25]} Ra8 {[%emt 0:07:03]} 26. Bc4+ {[%emt 0:00:11]} Kf8 {[%emt 0:00:07]} 27. a4 {[%emt 0:00:41]} Nb6 {[%emt 0:01:13]} 28. Be2 {[%emt 0:01:44]} Ke7 {[%emt 0:01:59]} 29. e4 {[%emt 0:00:38]} Ke6 {[%emt 0:01:56]} 30. Ke3 {[%emt 0:00:55]} f5 {[%emt 0:00:25]} 31. g3 {[%emt 0:00:14]} fxe4 {[%emt 0:01:33]} 32. fxe4 {[%emt 0:00:06]} h5 {[%emt 0:00:16]} 33. h4 {[%emt 0:02:40]} Nd7 {[%emt 0:03:13]} 34. Bc4+ {[%emt 0:01:45]} Kd6 {[%emt 0:01:05]} 35. Rd1+ {[%emt 0:04:41]} Kc7 {[%emt 0:00:16]} 36. Bf7 {[%emt 0:03:27]} Rf8 {[%emt 0:00:49]} 37. Bxg6 {[%emt 0:00:36]} Rg8 {[%emt 0:00:08]} 38. Bxh5 {[%emt 0:00:15]} Rxg3+ {[%emt 0:00:07]} 39. Bf3 {[%emt 0:00:07]} Rh3 {[%emt 0:01:48]} 40. h5 {[%emt 0:00:54]} Bxe4 {[%emt 0:01:19]} 41. Rxd7+ {[%emt 0:31:57]} Kxd7 {[%emt 0:30:43]} 42. Kxe4 {[%emt 0:00:04]} Rh4+ {[%emt 0:00:39]} 43. Kxe5 {[%emt 0:00:09]} Kc7 {[%emt 0:00:00]} 44. Kf5 {[%emt 0:00:00]} Rb4 {[%emt 0:00:00]} 45. Bd1 {[%emt 0:00:00]} Rh4 {[%emt 0:00:00]} 46. Bg7 {[%emt 0:00:00]} 1-0

[Event "KAZ Cup Women 2019"]
[Site "Almaty"]
[Date "2019.12.18"]
[Round "8.5"]
[White "Balabayeva, Xeniya"]
[Black "Kim, Kristina"]
[Result "1-0"]
[WhiteElo "2119"]
[BlackElo "1975"]
[Annotator "RC"]
[PlyCount "99"]
[EventDate "2019.12.12"]
[EventType "tourn"]
[EventCountry "KAZ"]
[SourceTitle "playchess.com"]
[Source "ChessBase"]
[SourceQuality "1"]
[TimeControl "40/5400+30:1800+30"]

1. e4 {[%emt 0:00:00]} g6 {[%emt 0:04:02]} 2. d4 {[%emt 0:00:00]} Bg7 {[%emt 0:00:05]} 3. Nc3 {[%emt 0:00:00]} c6 {[%emt 0:00:06]} 4. h3 {[%emt 0:00:00]} d5 {[%emt 0:06:57]} 5. Nf3 {[%emt 0:00:09]} Nh6 {[%emt 0:04:01]} 6. Bf4 {[%emt 0:02:30]} f6 {[%emt 0:02:57]} 7. exd5 {[%emt 0:06:52]} cxd5 {[%emt 0:00:09]} 8. Nb5 {[%emt 0:00:05]} Na6 {[%emt 0:03:24]} 9. c4 {[%emt 0:12:20]} Nf7 {[%emt 0:04:58]} 10. cxd5 {[%emt 0:08:28]} Qxd5 {[%emt 0:02:17]} 11. Nc3 {[%emt 0:00:56]} Qe6+ {[%emt 0:00:34]} 12. Be2 {[%emt 0:00:15]} O-O {[%emt 0:06:52]} 13. O-O {[%emt 0:02:16]} Qd7 {[%emt 0:12:46]} 14. Re1 {[%emt 0:12:20]} Nc7 {[%emt 0:04:47]} 15. Bc4 {[%emt 0:07:05]} Kh8 {[%emt 0:19:26]} 16. Qe2 {[%emt 0:12:13]} Nd6 {[%emt 0:03:33]} 17. Qxe7 {[%emt 0:07:41]} Nxc4 {[%emt 0:01:39]} 18. Bxc7 {[%emt 0:01:14]} Qxe7 {[%emt 0:03:13]} 19. Rxe7 {[%emt 0:00:07]} Nxb2 {[%emt 0:01:22]} 20. Rb1 {[%emt 0:02:54]} Nc4 {[%emt 0:06:16]} 21. Rb4 {[%emt 0:00:25]} Nb6 {[%emt 0:04:00]} 22. Bxb6 {[%emt 0:00:41]} axb6 {[%emt 0:00:06]} 23. Rc4 {[%emt 0:00:09]} Rg8 {[%emt 0:03:22]} 24. Rcc7 {[%emt 0:01:37]} g5 {[%emt 0:00:42]} 25. Nd5 {[%emt 0:01:52]} Bf5 {[%emt 0:00:19]} 26. g4 {[%emt 0:12:14]} Bg6 {[%emt 0:01:01]} 27. h4 {[%emt 0:00:29]} h6 {[%emt 0:00:55]} 28. h5 {[%emt 0:00:35]} Bb1 {[%emt 0:01:05]} 29. Nd2 {[%emt 0:01:45]} Bd3 {[%emt 0:01:35]} 30. Ne4 {[%emt 0:03:04]} Bxe4 {[%emt 0:01:06]} 31. Rxe4 {[%emt 0:00:06]} Rgc8 {[%emt 0:01:20]} 32. Rxb7 {[%emt 0:00:49]} Rcb8 {[%emt 0:00:28]} 33. Rxb8+ {[%emt 0:01:05]} Rxb8 {[%emt 0:00:05]} 34. Ne7 {[%emt 0:00:05]} Ra8 {[%emt 0:01:00]} 35. Nf5 {[%emt 0:00:10]} Kg8 {[%emt 0:00:27]} 36. Re6 {[%emt 0:01:09]} b5 {[%emt 0:00:22]} 37. Rb6 {[%emt 0:00:08]} Bf8 {[%emt 0:00:39]} 38. Rxf6 {[%emt 0:01:59]} Kh7 {[%emt 0:00:25]} 39. Rb6 {[%emt 0:00:48]} b4 {[%emt 0:00:15]} 40. d5 {[%emt 0:01:03]} Rxa2 {[%emt 0:00:49]} 41. d6 {[%emt 0:30:36]} Rd2 {[%emt 0:30:29]} 42. Kf1 {[%emt 0:01:07]} b3 {[%emt 0:00:00]} 43. Rxb3 {[%emt 0:00:00]} Bxd6 {[%emt 0:00:00]} 44. Rb7+ {[%emt 0:00:00]} Kg8 {[%emt 0:00:00]} 45. Nxh6+ {[%emt 0:00:00]} Kf8 {[%emt 0:00:00]} 46. Rf7+ {[%emt 0:00:00]} Ke8 {[%emt 0:00:00]} 47. Rf5 {[%emt 0:00:00]} Be7 {[%emt 0:00:00]} 48. Nf7 {[%emt 0:00:00]} Rd1+ {[%emt 0:00:00]} 49. Ke2 {[%emt 0:00:00]} Rg1 {[%emt 0:00:00]} 50. Kf3 {[%emt 0:00:00]} 1-0

[Event "KAZ Cup Women 2019"]
[Site "Almaty"]
[Date "2019.12.19"]
[Round "9.1"]
[White "Kim, Kristina"]
[Black "Dauletova, Gulmira"]
[Result "1-0"]
[WhiteElo "1975"]
[BlackElo "2250"]
[Annotator "ChessBase"]
[PlyCount "137"]
[EventDate "2019.12.12"]
[EventType "tourn"]
[EventCountry "KAZ"]
[SourceTitle "playchess.com"]
[Source "ChessBase"]
[SourceQuality "1"]
[TimeControl "40/5400+30:1800+30"]

1. d4 {[%emt 0:01:50]} Nf6 {[%emt 0:00:19]} 2. Bf4 {[%emt 0:00:15]} e6 {[%emt 0:02:35]} 3. e3 {[%emt 0:00:10]} b6 {[%emt 0:01:00]} 4. Nf3 {[%emt 0:00:42]} Bb7 {[%emt 0:00:12]} 5. c4 {[%emt 0:00:24]} d6 {[%emt 0:05:01]} 6. Nc3 {[%emt 0:00:50]} Be7 {[%emt 0:07:17]} 7. Qc2 {[%emt 0:03:27]} c5 8. Bg3 {[%emt 0:04:58]} cxd4 {[%emt 0:09:21]} 9. Nxd4 {[%emt 0:00:45]} O-O {[%emt 0:00:29]} 10. Rd1 {[%emt 0:01:09]} a6 11. f3 Nbd7 {[%emt 0:03:26]} 12. h4 {[%emt 0:08:50]} Rc8 {[%emt 0:05:11]} 13. h5 {[%emt 0:15:10]} d5 14. Qb3 Re8 {[%emt 0:13:48]} 15. a3 {[%emt 0:06:08]} Bc5 {[%emt 0:11:22]} 16. cxd5 {[%emt 0:03:25]} exd5 {[%emt 0:00:27]} 17. Bf4 {[%emt 0:04:06]} b5 {[%emt 0:13:31]} 18. g4 {[%emt 0:03:25]} h6 {[%emt 0:05:41]} 19. Kf2 {[%emt 0:00:51]} Qb6 {[%emt 0:01:16]} 20. g5 {[%emt 0:04:35]} hxg5 {[%emt 0:00:31]} 21. Bxg5 {[%emt 0:00:05]} Re5 {[%emt 0:04:12]} 22. Bf4 {[%emt 0:01:43]} Rxh5 {[%emt 0:00:49]} 23. Rxh5 {[%emt 0:00:09]} Nxh5 {[%emt 0:00:01]} 24. Nxd5 {[%emt 0:00:10]} Qd8 {[%emt 0:00:51]} 25. Nf5 {[%emt 0:04:17]} Bc6 {[%emt 0:07:05]} 26. Bh2 {[%emt 0:10:56]} Nhf6 {[%emt 0:03:58]} 27. Nf4 {[%emt 0:06:24]} Qe8 {[%emt 0:01:50]} 28. Be2 Ne5 {[%emt 0:02:52]} 29. Rg1 {[%emt 0:04:00]} Neg4+ 30. Rxg4 {[%emt 0:03:16]} Nxg4+ {[%emt 0:00:29]} 31. fxg4 {[%emt 0:00:14]} Qe4 32. Qc3 {[%emt 0:01:28]} Bf8 {[%emt 0:00:34]} 33. Qd4 {[%emt 0:01:28]} Qh1 {[%emt 0:00:14]} 34. Bg3 Re8 {[%emt 0:01:51]} 35. Nh5 {[%emt 0:04:13]} Qg2+ {[%emt 0:00:03]} 36. Ke1 Qh1+ {[%emt 0:00:49]} 37. Kd2 {[%emt 0:00:34]} Qd5 {[%emt 0:00:07]} 38. Qxd5 {[%emt 0:03:28]} Bxd5 {[%emt 0:00:00]} 39. Nf4 {[%emt 0:00:39]} Be4 {[%emt 0:00:06]} 40. Nd4 Bc5 {[%emt 0:01:50]} 41. Bd3 {[%emt 0:31:29]} Bb7 {[%emt 0:01:13]} 42. b4 Bf8 {[%emt 0:03:21]} 43. Nfe2 {[%emt 0:00:00]} g6 44. g5 {[%emt 0:00:00]} Bg7 {[%emt 0:06:46]} 45. Bf4 {[%emt 0:00:00]} Be5 {[%emt 0:02:13]} 46. Nc3 {[%emt 0:00:00]} Bg7 {[%emt 0:05:51]} 47. Nb3 {[%emt 0:00:00]} Bf8 {[%emt 0:03:10]} 48. Nc5 Bxc5 {[%emt 0:03:39]} 49. bxc5 {[%emt 0:00:00]} Kg7 {[%emt 0:01:25]} 50. e4 f6 51. gxf6+ {[%emt 0:00:00]} Kxf6 {[%emt 0:00:31]} 52. Nd5+ {[%emt 0:00:00]} Kf7 {[%emt 0:00:12]} 53. Kc3 {[%emt 0:00:00]} Rh8 {[%emt 0:00:19]} 54. Kd4 Ke6 55. Be2 {[%emt 0:00:00]} Rh1 {[%emt 0:08:50]} 56. Bg4+ {[%emt 0:00:00]} Kf7 57. Bd7 Ra1 {[%emt 0:01:02]} 58. c6 {[%emt 0:00:00]} Bxc6 {[%emt 0:00:03]} 59. Bxc6 Rxa3 60. Bd7 {[%emt 0:00:00]} Ra4+ {[%emt 0:00:20]} 61. Kd3 {[%emt 0:00:00]} Ra3+ 62. Ke2 Ra2+ {[%emt 0:01:30]} 63. Kf3 {[%emt 0:00:22]} Ra3+ {[%emt 0:00:18]} 64. Be3 {[%emt 0:00:28]} b4 65. e5 {[%emt 0:02:15]} b3 {[%emt 0:01:38]} 66. e6+ {[%emt 0:00:26]} Kg7 {[%emt 0:00:02]} 67. Bd4+ {[%emt 0:02:05]} Kh6 {[%emt 0:00:02]} 68. Bb2 {[%emt 0:00:12]} Ra2 {[%emt 0:00:37]} 69. Bc1+ {[%emt 0:00:18]} 1-0

[Event "KAZ Cup Women 2019"]
[Site "Almaty"]
[Date "2019.12.19"]
[Round "9.2"]
[White "Ankudinova, Yelena"]
[Black "Balabayeva, Xeniya"]
[Result "0-1"]
[WhiteElo "2093"]
[BlackElo "2119"]
[Annotator "ChessBase"]
[PlyCount "200"]
[EventDate "2019.12.12"]
[EventType "tourn"]
[EventCountry "KAZ"]
[SourceTitle "playchess.com"]
[Source "ChessBase"]
[SourceQuality "1"]
[TimeControl "40/5400+30:1800+30"]

1. c4 {[%emt 0:00:00]} e5 {[%emt 0:00:00]} 2. Nc3 {[%emt 0:00:00]} Nf6 {[%emt 0:00:00]} 3. Nf3 {[%emt 0:02:00]} Nc6 {[%emt 0:00:03]} 4. g3 d5 {[%emt 0:06:57]} 5. cxd5 {[%emt 0:00:31]} Nxd5 {[%emt 0:00:04]} 6. Bg2 {[%emt 0:00:08]} Be6 7. O-O {[%emt 0:12:35]} Be7 {[%emt 0:05:09]} 8. d3 {[%emt 0:06:10]} O-O {[%emt 0:03:16]} 9. Bd2 Qd7 {[%emt 0:18:32]} 10. a3 {[%emt 0:07:22]} f6 {[%emt 0:05:20]} 11. Rc1 {[%emt 0:16:28]} Nb6 {[%emt 0:04:21]} 12. Ne4 a5 13. Nc5 {[%emt 0:04:21]} Bxc5 {[%emt 0:00:38]} 14. Rxc5 {[%emt 0:00:07]} a4 {[%emt 0:00:17]} 15. Qc1 {[%emt 0:02:05]} Bd5 {[%emt 0:05:18]} 16. Ne1 Nd4 17. Bxd5+ {[%emt 0:11:52]} Nxd5 {[%emt 0:03:40]} 18. Qd1 {[%emt 0:00:20]} b6 {[%emt 0:01:59]} 19. Rc4 {[%emt 0:03:54]} b5 {[%emt 0:03:26]} 20. Rc1 {[%emt 0:00:24]} Nb3 {[%emt 0:00:19]} 21. Rc2 {[%emt 0:00:28]} c5 22. e3 Rad8 {[%emt 0:12:03]} 23. Qh5 {[%emt 0:10:02]} f5 {[%emt 0:03:43]} 24. Bc3 {[%emt 0:04:07]} Nxc3 {[%emt 0:01:24]} 25. bxc3 {[%emt 0:00:08]} e4 {[%emt 0:02:12]} 26. d4 {[%emt 0:00:31]} Rc8 {[%emt 0:05:25]} 27. Qd1 {[%emt 0:04:33]} Qd6 {[%emt 0:05:42]} 28. Ra2 Qd5 29. Rc2 {[%emt 0:02:11]} Qc4 {[%emt 0:10:14]} 30. f3 h6 31. Rff2 {[%emt 0:04:12]} Rce8 {[%emt 0:04:24]} 32. Qe2 {[%emt 0:02:17]} Na5 {[%emt 0:00:35]} 33. Rb2 {[%emt 0:00:29]} Rb8 {[%emt 0:00:36]} 34. fxe4 {[%emt 0:01:19]} fxe4 {[%emt 0:00:40]} 35. Rxf8+ {[%emt 0:01:05]} Rxf8 {[%emt 0:00:26]} 36. Kg2 {[%emt 0:03:04]} Rb8 {[%emt 0:00:43]} 37. Qc2 {[%emt 0:02:01]} Qd5 {[%emt 0:00:28]} 38. Rb1 {[%emt 0:01:17]} Nc4 {[%emt 0:00:15]} 39. Qc1 Qf5 40. Nc2 {[%emt 0:00:44]} Rf8 {[%emt 0:01:08]} 41. Qf1 {[%emt 0:30:48]} Qf3+ 42. Qxf3 {[%emt 0:00:00]} exf3+ {[%emt 0:00:45]} 43. Kf2 {[%emt 0:00:00]} Nd2 {[%emt 0:00:15]} 44. Rd1 {[%emt 0:00:00]} Ne4+ {[%emt 0:01:24]} 45. Kf1 {[%emt 0:00:00]} Rd8 {[%emt 0:03:27]} 46. Ne1 {[%emt 0:00:00]} Nxc3 {[%emt 0:06:51]} 47. Rc1 cxd4 {[%emt 0:08:58]} 48. Nxf3 {[%emt 0:00:00]} Nd5 {[%emt 0:07:07]} 49. exd4 {[%emt 0:00:00]} Ne3+ {[%emt 0:00:04]} 50. Ke2 {[%emt 0:00:00]} Nc4 {[%emt 0:00:04]} 51. Rc3 {[%emt 0:00:00]} Re8+ {[%emt 0:01:30]} 52. Ne5 {[%emt 0:00:18]} Re7 53. Kd3 {[%emt 0:01:00]} Nxe5+ {[%emt 0:01:52]} 54. dxe5 {[%emt 0:00:02]} Rxe5 {[%emt 0:00:06]} 55. Kd4 Rf5 56. Ke4 {[%emt 0:05:52]} Rf2 {[%emt 0:01:29]} 57. h3 {[%emt 0:00:16]} Rb2 {[%emt 0:00:33]} 58. Rf3 {[%emt 0:00:26]} b4 {[%emt 0:00:21]} 59. axb4 {[%emt 0:00:39]} Rxb4+ {[%emt 0:00:05]} 60. Kf5 {[%emt 0:01:32]} Rb3 {[%emt 0:00:12]} 61. Rf4 {[%emt 0:00:07]} Rxg3 {[%emt 0:00:15]} 62. h4 a3 {[%emt 0:00:26]} 63. Ra4 {[%emt 0:01:52]} Kh7 {[%emt 0:00:33]} 64. Kf4 {[%emt 0:00:39]} Rb3 {[%emt 0:00:27]} 65. h5 {[%emt 0:00:26]} Kg8 {[%emt 0:01:10]} 66. Ra7 {[%emt 0:00:33]} Kf8 {[%emt 0:00:28]} 67. Kf5 {[%emt 0:01:06]} Rg3 {[%emt 0:00:16]} 68. Ra8+ {[%emt 0:00:50]} Kf7 {[%emt 0:00:07]} 69. Ra7+ {[%emt 0:00:05]} Kg8 {[%emt 0:00:06]} 70. Kf4 {[%emt 0:00:46]} Rg5 {[%emt 0:00:06]} 71. Rxa3 {[%emt 0:00:08]} Rxh5 {[%emt 0:00:05]} 72. Kg4 {[%emt 0:00:04]} Rb5 {[%emt 0:00:05]} 73. Ra7 {[%emt 0:00:14]} Kh7 {[%emt 0:00:18]} 74. Rc7 {[%emt 0:00:10]} h5+ {[%emt 0:00:09]} 75. Kh4 {[%emt 0:00:09]} Kh6 {[%emt 0:00:14]} 76. Rc6+ {[%emt 0:00:15]} g6 {[%emt 0:00:08]} 77. Ra6 {[%emt 0:00:08]} Rb4+ {[%emt 0:00:15]} 78. Kg3 {[%emt 0:00:08]} h4+ {[%emt 0:00:07]} 79. Kh3 {[%emt 0:00:09]} Kh5 {[%emt 0:00:05]} 80. Ra5+ {[%emt 0:01:07]} g5 {[%emt 0:00:08]} 81. Rc5 {[%emt 0:00:13]} Rb3+ {[%emt 0:00:05]} 82. Kh2 {[%emt 0:00:10]} h3 {[%emt 0:00:32]} 83. Rc8 {[%emt 0:01:24]} Kh4 {[%emt 0:00:06]} 84. Rh8+ {[%emt 0:00:56]} Kg4 85. Ra8 {[%emt 0:00:11]} Rb2+ {[%emt 0:00:11]} 86. Kh1 {[%emt 0:00:11]} Rf2 87. Rg8 {[%emt 0:01:18]} Kh4 {[%emt 0:01:55]} 88. Kg1 {[%emt 0:00:25]} Ra2 {[%emt 0:01:29]} 89. Rb8 {[%emt 0:00:30]} g4 {[%emt 0:00:47]} 90. Rb4 {[%emt 0:00:55]} Re2 {[%emt 0:00:55]} 91. Ra4 {[%emt 0:01:30]} Kg3 {[%emt 0:00:28]} 92. Ra1 {[%emt 0:00:57]} Kf3 {[%emt 0:02:03]} 93. Rf1+ {[%emt 0:00:13]} Ke3 {[%emt 0:00:47]} 94. Ra1 {[%emt 0:00:02]} g3 {[%emt 0:00:23]} 95. Ra3+ {[%emt 0:00:26]} Kf4 {[%emt 0:00:15]} 96. Ra4+ {[%emt 0:00:00]} Re4 {[%emt 0:01:47]} 97. Ra1 g2 98. Kf2 {[%emt 0:01:54]} Kg4 {[%emt 0:00:55]} 99. Rb1 {[%emt 0:00:15]} Rf4+ {[%emt 0:00:09]} 100. Kg1 {[%emt 0:00:06]} Kg3 {[%emt 0:00:10]} 0-1

[Event "KAZ Cup Women 2019"]
[Site "Almaty"]
[Date "2019.12.19"]
[Round "9.3"]
[White "Gevorgyan, Maria"]
[Black "Khomeriki, Nino"]
[Result "1/2-1/2"]
[WhiteElo "2255"]
[BlackElo "2355"]
[Annotator "TA"]
[PlyCount "46"]
[EventDate "2019.12.12"]
[EventType "tourn"]
[EventCountry "KAZ"]
[SourceTitle "playchess.com"]
[Source "ChessBase"]
[SourceQuality "1"]

{[%evp 11,46,3,12,0,0,-27,-12,-30,10,4,12,20,14,16,28,0,2,0,0,0,0,0,0,0,0,0,0,0,0,0,0,0,0,0,0,0,660]} 1. e4 e5 2. Nf3 Nc6 3. d4 exd4 4. Nxd4 Bc5 5. Nb3 Bb6 6. Nc3 Nf6 7. Qe2 {C45: Scotch Game} (7. Bg5 h6 8. Bh4 d6 9. f3 g5 10. Bg3 a6 11. Qd2 Qe7 12. O-O-O Be6 13. Na4 Ba7 14. Na5 Nxa5 15. Qxa5 Nh5 16. Be1 {½-½ (49) Chigaev,M (2637)-Malakhov,V (2660) Sochi 2019}) 7... O-O 8. Bg5 h6 9. Bh4 Nd4 10. Qd3 Nxb3 11. axb3 c6 12. O-O-O Re8 13. f4 $146 {aiming for e5.} ({Predecessor:} 13. f3 Qe7 14. Kb1 d5 15. exd5 {1-0 (51) Sargsyan,S (2486)-Afanasiev,N (2508) chess.com INT 2019}) 13... d5 $1 {The position is equal.} 14. e5 g5 $1 {[%cal Rg5h4]} 15. fxg5 Ng4 16. g6 $1 {[%cal Rg6f7]} Qxh4 17. gxf7+ Kxf7 18. Qh7+ Ke6 (18... Kf8 $5 19. Qh8+ $8 Kf7 20. Qh7+ Kf8 21. Qh8+ Kf7 22. Qh7+ $11) 19. Qg6+ {[%mdl 64] Double Attack} Ke7 20. Qg7+ Ke6 $1 {...Qg5+ is the strong threat.} ({Not} 20... Kd8 $2 21. Nxd5 $1 {[%mdl 512]} Ne3 22. Nxe3+ Bd4 23. c3 $18) 21. Qg6+ {[%mdl 64] Double Attack} Ke7 22. Qg7+ Ke6 $1 {Strongly threatening ...Qg5+.} ({Don't blunder} 22... Kd8 $2 {[#]} 23. Nxd5 $1 {[%mdl 512]} Ne3 24. Nxe3+ {[%mdl 64] Discovered Attack} Bd4 25. c3 $18 {[%mdl 64] Pin}) 23. Qg6+ {[%mdl 64] Double Attack} Kxe5 $2 {[%mdl 40960] Accuracy: White = 77%, Black = 53%. . An unexpected result.} (23... Ke7 $11 24. Qg7+) 1/2-1/2